Sovrani d'Italia (476-1946) - Statistics

Statistiche generali
  • Questo quiz è stato fatto 83 volte
  • Il punteggio medio è 25 su 82
Statistiche sulle risposte
Titolo Anni Risposta % Corretto
Regno d'Italia (Savoia) 1861-1878 Vittorio Emanuele II
87%
Regno d'Italia (Savoia) 1900-1946 Vittorio Emanuele III
87%
Regno d'Italia (Savoia) 1878-1900 Umberto I
80%
Regno d'Italia (Savoia) 1946 Umberto II
78%
Patrizio della Diocesi Italiana 476-493 Odoacre
76%
Regnum Italiae (carolingi) 774-814 Carlo I
73%
Regnum Italiae (carolingi) 875-877 Carlo II
69%
Regnum Italiae (Sacro Romano Impero) 1530-1558 Carlo V
69%
Re degli Ostrogoti 493-526 Teodorico
69%
Regno d'Italia (Bonaparte) 1805-1814 Napoleone I
67%
Regnum Italiae (carolingi) 880-887 Carlo III
65%
Regnum Italiae (Sacro Romano Impero) 1355-1378 Carlo IV
65%
Regno d'Italia (Bonaparte) 1814 Napoleone Ii
64%
Regnum Italiae (Sacro Romano Impero) 1152-1186 Federico I
60%
Regnum Italiae (Sacro Romano Impero) 1220-1250 Federico II
58%
Re dei Longobardi 756-774 Desiderio
49%
Regnum Italiae (Sacro Romano Impero) 1101-1125 Enrico V
45%
Regnum Italiae (Sacro Romano Impero) 1186-1197 Enrico VI
45%
Regnum Italiae (Sacro Romano Impero) 1311-1327 Enrico VII
44%
Regnum Italiae (Sacro Romano Impero) 1004-1024 Enrico II
42%
Regnum Italiae (Sacro Romano Impero) 1056-1106 Enrico IV
42%
Regnum Italiae (Sacro Romano Impero) 1452-1593 Federico III
40%
Regnum Italiae (carolingi) 818-850 Lotario I
40%
Regnum Italiae (carolingi) 818-840 Ludovico I
40%
Regnum Italiae (Sacro Romano Impero) 951-973 Ottone I
40%
Regnum Italiae (Sacro Romano Impero) 980-983 Ottone II
38%
Regnum Italiae (carolingi) 781-810 Pipino
38%
Re dei Longobardi 636-652 Rotari
38%
Regnum Italiae (Sacro Romano Impero) 1039-1056 Enrico III
36%
Regnum Italiae (Sacro Romano Impero) 996-1002 Ottone III
36%
Regnum Italiae (busonide) 947-950 Lotario II
33%
Re dei Longobardi 72-744 Liutprando
31%
Re dei Longobardi 756-774 Adelchi
29%
Regnum Italiae (carolingi) 877-880 Carlomanno
29%
Restaurazione imperiale 527-565 Giustiniano I
29%
Regnum Italiae (carolingi) 844-875 Ludovico II
29%
Re dei Longobardi 569-572 Alboino
27%
Re dei Longobardi 591-616 Agilulfo
25%
Regnum Italiae (Unrochingi) 888-924 Berengario I
24%
Regnum Italiae (Anscarica) 950-961 Berengario II
24%
Regnum Italiae (busonide) 900-905 Ludovico III
24%
Re dei Longobardi 584-590 Autari
22%
Regnum Italiae (Sacro Romano Impero) 1026-1039 Corrado II
22%
Restaurazione imperiale 565-578 Giustino II
22%
Regnum Italiae (Guidonidi) 889-894 Guido
22%
Regnum Italiae (Sacro Romano Impero) 1327-1347 Ludovico IV
22%
Regnum Italiae (busonide) 926-947 Ugo
22%
Re dei Longobardi 749-756 Astolfo
18%
Regnum Italiae (Sacro Romano Impero) 1128-1152 Corrado III
18%
Regnum Italiae (guelfa) 922-926 Rodolfo
18%
Regnum Italiae (Sacro Romano Impero) 1431-1437 Sigismondo
18%
Re degli Ostrogoti 526-534 Atalarico
15%
Regnum Italiae (carolingi) 810-818 Bernardo
15%
Re dei Longobardi 572-574 Clefi
15%
Re degli Ostrogoti 552-553 Teia
15%
Re degli Ostrogoti 534-535 Amalasunta
13%
Regnum Italiae (carolingi) 894-899 Arnolfo
13%
Re dei Longobardi 744-749 Rachis
13%
Re dei Longobardi 756-754 Rachis
13%
Re degli Ostrogoti 534-526 Teodato
11%
Re dei Longobardi 616-626 Adaloaldo
9%
Re dei Longobardi 688-700 Cuniperto
9%
Re degli Ostrogoti 541-541 Erarico
9%
Regnum Italiae (Guidonidi) 894-898 Lamberto
9%
Re dei Longobardi 712 Ansprando
7%
Re dei Longobardi 653-661 Ariperto I
7%
Re dei Longobardi 702-712 Ariperto II
7%
Re degli Ostrogoti 541-552 Baduila
7%
Re dei Longobardi 671-671 Garibaldo
7%
Re dei Longobardi 744 Ildebrando
7%
Re dei Longobardi 700-701 Liutperto
7%
Re dei Longobardi 702 Liutperto
7%
Re dei Longobardi 661-662 Pertarito
7%
Re dei Longobardi 671-688 Pertarito
7%
Re dei Longobardi 701 Ragimperto
7%
Regnum Italiae (Anscarica) 950-961 Adalberto
5%
Re dei Longobardi 626-636 Arioaldo
5%
Re dei Longobardi 661-662 Godeperto
5%
Re dei Longobardi 662-671 Grimoaldo
5%
Re degli Ostrogoti 540-541 Ildibaldo
5%
Re dei Longobardi 652-653 Rodoaldo
5%
Re degli Ostrogoti 526-540 Vitige
5%
Nessun quiz corrispondente trovato
Distribuzione punteggi
Percentuale di utenti per punteggio
Percentile per numero di risposta
I tuoi punteggi nel tempo
Non hai fatto questo quiz